| 000 | 00441nam a22001577a 4500 | ||
|---|---|---|---|
| 003 | OSt | ||
| 005 | 20240418152521.0 | ||
| 008 | 240418b |||||||| |||| 00| 0 eng d | ||
| 040 | _cMRSPTU | ||
| 100 | _aGurbaksh (ਗੁਰਬਖਸ਼) | ||
| 245 | _aGuru Nanak Lekh Sangrah (ਗੁਰੂ ਨਾਨਕ ਲੇਖ ਸੰਗ੍ਰਹਿ) | ||
| 250 | _a2nd | ||
| 260 |
_aPunjab _bPunjab Book Center _c2000 |
||
| 300 | _a166 | ||
| 942 |
_2ddc _cBK _n0 |
||
| 999 |
_c10086 _d10086 |
||